[Event "Villa de Sitges 35th"]
[Site "Sitges"]
[Date "1999.07.19"]
[Round "4"]
[White "Marin, Mihail"]
[Black "Fressinet, Laurent"]
[Result "1-0"]
[WhiteElo "2548"]
[BlackElo "2440"]

1.c4 c6 2.e4 d5 3.exd5 Nf6 4.d4 cxd5 5.Nc3 Nc6 6.Nf3 Bg4 7.cxd5 Nxd5 8.Qb3 Bxf3
9.gxf3 Nb6 10.d5 Nd4 11.Bb5+ Nd7 12.Qa4 Nxb5 13.Qxb5 g6 14.O-O Bg7 15.Bg5 O-O
16.Rfe1 Bf6 17.Bxf6 exf6 18.Re3 Ne5 19.Rd1 Qc8 20.d6 Rd8 21.Nd5 Nxf3+ 22.Kf1 Nxh2+
23.Ke1 Kg7 24.Nxf6 Qf5 25.Qxf5 gxf5 26.Nh5+ Kg6 27.Rh3 Ng4 28.d7 f4 29.Nxf4+ Kf5
30.Rh5+ Kf6 31.Rd4 h6 32.Nd5+  1-0

[Event "Biel MTO"]
[Site "Biel"]
[Date "1999.07.20"]
[Round "1"]
[White "Kveinys, Aloyzas"]
[Black "Saleh, Nabil"]
[Result "1-0"]
[WhiteElo "2515"]
[BlackElo "2267"]

1.c4 c6 2.b3 Nf6 3.Bb2 d5 4.Nf3 Bf5 5.g3 e6 6.Bg2 Nbd7 7.O-O Be7 8.d3 h6
9.Nbd2 O-O 10.Rc1 a5 11.a3 Bh7 12.Rc2 Qb8 13.Qa1 Bd6 14.cxd5 cxd5 15.Nd4 Rc8
16.Rfc1 Rxc2 17.Rxc2 Qf8 18.Nb5 Bc5 19.Bh3 Rc8 20.Qc1 Rc6 21.Nf3 Qc8 22.Rc3 Bb6
23.Nfd4 Rxc3 24.Qxc3 Qd8 25.Nd6 Qb8 26.N6b5 Nc5 27.Nf3 Qf8 28.Ne5 Nce4 29.dxe4 Nxe4
30.Qc1 Nxf2 31.Kg2 Be4+ 32.Nf3 Nxh3 33.Kxh3  1-0

[Event "SCO-ch"]
[Site "Edinburgh"]
[Date "1999.07.21"]
[Round "6"]
[White "Grant, Jonathan"]
[Black "Henderson, John B"]
[Result "1/2-1/2"]
[WhiteElo "2260"]
[BlackElo "2170"]

1.c4 c6 2.Nc3 d5 3.d4 Nf6 4.Nf3 dxc4 5.a4 Bg4 6.Ne5 Nbd7 7.Nxg4 Nxg4 8.e3 Ngf6
9.Bxc4 e6 10.O-O Be7 11.Qe2 O-O 12.Rd1 Qc7 13.e4 e5 14.d5 Nb6 15.Bb3 Rad8
16.Be3 Rd7 17.Rac1 Qd8 18.a5 Nc8 19.a6 cxd5 20.Ba4 Rc7 21.axb7 Rxb7 22.Nxd5 Nxd5
23.Rxd5 Nd6 24.Rxe5 Qb8 25.Bf4 Rxb2 26.Qf1 Bh4 27.g3 Qb4 28.Bc6 Bf6 29.Rd5 Nxe4
30.Rb5 Qe7 31.Rxb2 Bxb2 32.Re1 f5 33.Qc4+ Kh8 34.Kg2 g5 35.Bc1 Bxc1 36.Qxc1 Qc5
37.Qb2+ Qc3 38.Qxc3+ Nxc3 39.Re7 a5 40.Ra7 a4 41.Bxa4 Nxa4 42.Rxa4 Kg7 43.h4 h6
44.Kf3 Re8 45.Ra7+ Kg6 46.Ra6+ Kh5 47.Rf6 Re5 48.Ra6 gxh4 49.gxh4 Rb5 50.Rf6 Kxh4
51.Kf4 h5 52.Rg6 Kh3 53.Rg3+ Kh2 54.Kg5 Rb2 55.Rf3 Kg2 56.Rxf5 Rxf2 57.Rxf2+ Kxf2  1/2-1/2

[Event "Dutch Open"]
[Site "Dieren"]
[Date "1999.07.22"]
[Round "3"]
[White "Gustafsson, Jan"]
[Black "Van Delft, Merijn"]
[Result "1-0"]
[WhiteElo "2436"]
[BlackElo "2323"]

1.c4 c6 2.e4 d5 3.cxd5 cxd5 4.exd5 Nf6 5.Bb5+ Nbd7 6.Nc3 a6 7.Be2 Nb6 8.Nf3 Nbxd5
9.d4 e6 10.O-O Be7 11.Ne5 O-O 12.Bf3 b5 13.Nc6 Qc7 14.Nxe7+ Qxe7 15.Bg5 Bb7
16.Ne4 Ra7 17.Nc5 Ba8 18.Rc1 Rd8 19.Re1 Qf8 20.Qb3 Rc8 21.Bxf6 gxf6 22.Bxd5 Bxd5
23.Qh3 Kh8 24.Rc3 Qe7 25.Rg3 Raa8 26.Qh5 Qf8 27.Qh4 Qe7 28.Rh3  1-0

[Event "SCO-ch"]
[Site "Edinburgh"]
[Date "1999.07.23"]
[Round "8"]
[White "Stevenson, James"]
[Black "Beaton, Kenneth S"]
[Result "0-1"]
[WhiteElo "2130"]
[BlackElo "2120"]

1.c4 c6 2.e4 e6 3.d4 d5 4.Nc3 Bb4 5.cxd5 cxd5 6.e5 Ne7 7.Bd3 Nf5 8.Nf3 Nc6
9.Bxf5 exf5 10.O-O Be6 11.Be3 Be7 12.Rc1 Rc8 13.Qe2 O-O 14.Rfd1 g5 15.Qd3 h6
16.Bd2 f4 17.Be1 Qd7 18.Ne2 Bf5 19.Qb3 Rfd8 20.Bc3 Bg4 21.Be1 Bh5 22.a3 Kh8
23.Qd3 Bg6 24.Qb3 Bh5 25.Qd3 Rg8 26.Kh1 Bg6 27.Qb3 h5 28.Nc3 Rgd8 29.Qa2 Bf5
30.b4 g4 31.Ng1 f3 32.Qd2 Qe6 33.gxf3 gxf3 34.Qf4 Rg8 35.Nxf3 Qg6 36.Qg3 Qh6
37.Bd2 Rxg3 38.Bxh6 Rxf3 39.Kg2 Rd3 40.Rxd3 Bxd3 41.Kf3 Bc4 42.Ke3 Rg8 43.Ne4 Rg4
44.f3 Rg2 45.Ng3 Nd8 46.f4 Bh4 47.Nf5 Rxh2 48.Kf3 Ne6 49.Ke3 Bf2+ 50.Kf3 Nxd4+
51.Nxd4 Bxd4 52.Bg5 Kg7 53.Bf6+ Kg6 54.Kg3 Ra2  0-1

[Event "White Rose Int 1st"]
[Site "Wakefield"]
[Date "1999.07.23"]
[Round "7"]
[White "Beaumont, Chris"]
[Black "Forbes, Cathy"]
[Result "0-1"]
[WhiteElo "2295"]
[BlackElo "2094"]

1.c4 c6 2.e4 d5 3.exd5 cxd5 4.d4 Nf6 5.Nc3 e6 6.Nf3 Be7 7.cxd5 Nxd5 8.Bd3 Nc6
9.O-O O-O 10.Re1 Bf6 11.Bc2 Ndb4 12.Be3 Nxc2 13.Qxc2 Nb4 14.Qb3 Nd5 15.Nxd5 Qxd5
16.Qxd5 exd5 17.Bg5 Bxg5 18.Nxg5 h6 19.Nf3 Be6 20.Rac1 Rfc8 21.Ne5 Rxc1 22.Rxc1 Rc8
23.Rc5 Rxc5 24.dxc5 d4 25.a3 Bd5 26.Kf1 f6 27.Nd3 Kf7 28.Nf4 Bc4+ 29.Ke1 g5
30.Nh5 f5 31.Ng3 Ke6 32.b4 Ke5 33.Kd2 f4 34.Ne2 Kd5 35.Nc1 a5 36.g3 axb4
37.axb4 Ke4 38.gxf4 gxf4  0-1

[Event "Korinthos op 3rd"]
[Site "Korinthos"]
[Date "1999.07.24"]
[Round "1"]
[White "Kourkounakis, Ilias"]
[Black "Dimitriadi, Aspasia"]
[Result "1-0"]
[WhiteElo "2407"]
[BlackElo "2015"]

1.c4 c6 2.e4 d5 3.exd5 cxd5 4.d4 Nf6 5.Nc3 Nc6 6.Bg5 Qa5 7.Bxf6 exf6 8.cxd5 Bb4
9.Qd2 Bxc3 10.bxc3 Qxd5 11.Nf3 O-O 12.Be2 Na5 13.O-O Bf5 14.Qf4 Bd7 15.Nd2 Bb5
16.Bf3 Qd7 17.Rfe1 Rfe8 18.d5 Bd3 19.Nb3 Qb5 20.Qd4 Bf5 21.Nxa5 Qxa5 22.d6 Rad8
23.Re7 Kf8 24.Rae1 Bc8 25.Qc4 Be6 26.R1xe6 fxe6 27.Qxe6  1-0

[Event "Paris-ch"]
[Site "Paris"]
[Date "1999.07.24"]
[Round "8"]
[White "Souche, Thierry"]
[Black "Chardin, Thierry"]
[Result "1-0"]
[WhiteElo "2145"]
[BlackElo "2053"]

1.c4 c6 2.e4 d5 3.exd5 cxd5 4.d4 Nf6 5.Nc3 g6 6.Nf3 Bg7 7.Bf4 O-O 8.c5 Nh5
9.Be3 Nc6 10.Be2 Bg4 11.h3 Bc8 12.a3 Bf6 13.g4 Ng7 14.g5 Bxd4 15.Bxd4 Nxd4
16.Qxd4 Be6 17.Rd1 Nf5 18.Qe5 Qa5 19.h4 Rad8 20.h5 Bc8 21.hxg6 fxg6 22.Rxd5 e6
23.Rxd8 Rxd8 24.Bc4  1-0

[Event "Lost Boys op"]
[Site "Antwerp"]
[Date "1999.07.31"]
[Round "2"]
[White "Egeli, Per Ove"]
[Black "Savchenko, Stanislav"]
[Result "1/2-1/2"]
[WhiteElo "2335"]
[BlackElo "2583"]

1.c4 c6 2.Nf3 d5 3.b3 Bg4 4.Bb2 Bxf3 5.gxf3 e6 6.e3 Nf6 7.f4 g6 8.Be2 Bg7
9.O-O O-O 10.Qc2 Ne8 11.Bxg7 Nxg7 12.d4 Nf5 13.Nd2 Nd7 14.Nf3 Nh4 15.Kh1 Nxf3
16.Bxf3 f5 17.b4 Nf6 18.Rab1 Rc8 19.Qa4 a6 20.b5 cxb5 21.cxb5 Qd7 22.Qa5 axb5
23.Rxb5 Rc2 24.Qb4 Rf7 25.Qb3 Rxa2 26.Rxd5 exd5 27.Qxa2 Ne4 28.Rc1 Kg7 29.Kg2 g5
30.fxg5 f4 31.exf4 Qf5 32.Qe2 Qxf4 33.Qe3 Qxg5+ 34.Qxg5+ Nxg5 35.Bxd5 Rd7
36.Rc5 Kf6 37.Rb5 Ne6 38.Bxe6 Kxe6 39.f3 Kd6 40.Kf2 Kc6 41.Rc5+ Kb6 42.Ke3 Ka6
43.f4 b5 44.d5 b4 45.Kd4 b3 46.Rc1 Rf7 47.Ke5 Re7+ 48.Kf6 b2 49.Rb1 Re2 50.h4 Kb6
51.Kg7 Kc5 52.Kxh7 Kxd5 53.Kg6 Ke6 54.f5+ Ke5 55.f6 Ke6 56.Kg5 Rg2+ 57.Kf4 Kxf6
58.Ke3  1/2-1/2

[Event "BCF-ch 86th"]
[Site "Scarborough"]
[Date "1999.08.01"]
[Round "1"]
[White "Rowson, Jonathan"]
[Black "Naylor, John"]
[Result "1-0"]
[WhiteElo "2490"]
[BlackElo "2233"]

1.c4 c6 2.e4 d5 3.exd5 cxd5 4.cxd5 Nf6 5.Nc3 Nxd5 6.Nf3 e6 7.d4 Be7 8.Bd3 Nc6
9.O-O O-O 10.Re1 Bf6 11.Be4 Nce7 12.Qd3 g6 13.Bh6 Re8 14.Rad1 b6 15.Ne5 Bb7
16.Ng4 Bg7 17.Bxg7 Kxg7 18.Qd2 Ng8 19.Bxd5 Bxd5 20.Re5 h5 21.Nxd5 hxg4 22.Ne3 f6
23.Rb5 Qd7 24.Rb3 f5 25.Nc4 Nf6 26.Ne5 Qe7 27.Qg5 Rg8  1-0

[Event "BCF-ch 86th"]
[Site "Scarborough"]
[Date "1999.08.05"]
[Round "5"]
[White "Buckley, Simon T"]
[Black "Abdulla, Al Rakib"]
[Result "0-1"]
[WhiteElo "2216"]
[BlackElo "2367"]

1.c4 c6 2.Nf3 d5 3.b3 Bg4 4.Ne5 Bh5 5.Bb2 Nd7 6.Nd3 dxc4 7.bxc4 Qc7 8.f4 Ngf6
9.g3 Bg6 10.Bg2 e6 11.Ne5 Qb6 12.Qc1 Nxe5 13.fxe5 Ne4 14.Rf1 Rd8 15.Bxe4 Bxe4
16.Nc3 Bf5 17.Nd1 Bc5 18.e3 Bb4 19.Bc3 Bxc3 20.Qxc3 Rd3 21.Qb2 Qa5 22.Ke2 Rd7
23.Nf2 O-O 24.g4 Bg6 25.h4 Rfd8 26.d4 h5 27.c5 b6 28.Rac1 Qa6+ 29.Kf3 bxc5
30.dxc5 Rd2 31.Qc3 Qe2+ 32.Kf4 R8d3 33.Qxd3 Bxd3  0-1

[Event "BCF-ch 86th"]
[Site "Scarborough"]
[Date "1999.08.05"]
[Round "5"]
[White "Rahman, Ziaur"]
[Black "Devereaux, Maxim"]
[Result "1-0"]
[WhiteElo "2461"]
[BlackElo "2265"]

1.c4 c6 2.e4 d5 3.cxd5 cxd5 4.exd5 Nf6 5.Bb5+ Nbd7 6.Nc3 a6 7.Qa4 Rb8 8.Bxd7+ Qxd7
9.Qxd7+ Bxd7 10.d4 Bf5 11.Bg5 Ne4 12.Bf4 Rc8 13.Nge2 g5 14.Be3 Bg7 15.O-O Nxc3
16.Nxc3 Bf6 17.f3 Rc4 18.Rad1 g4 19.fxg4 Bxg4 20.Rd2 Bg7 21.d6 e6 22.Ne4 Bf5
23.Nc5 b6 24.Nxa6 Kd7 25.d5 Ra8 26.dxe6+ fxe6 27.b3 Rc3 28.Nc7 Rg8 29.Bxb6 Bh6
30.Rdd1 Rc6 31.Bd4 Rg4 32.Nb5 Rc2 33.Rf2 e5 34.Ba7 Rxf2 35.Kxf2 Bc2 36.Re1 Rf4+
37.Kg3 Rf6 38.Be3 Rg6+ 39.Kf2 Bd3 40.Bxh6 Bxb5 41.Rxe5 Bc6 42.Bf4 Rxg2+ 43.Ke3 Kxd6
44.Rh5+ Ke6 45.Rh6+ Kd5 46.Rd6+ Kc5 47.b4+ Kb6 48.a4 Ra2 49.b5 Ra3+ 50.Kd2 Ra2+
51.Kc3 Rxa4 52.Rxc6+ Kxb5 53.Rf6 Kc5 54.Rf5+ Kc6 55.Kd3 Kd7 56.Ke3 Ke6 57.Rh5 Ra3+
58.Ke4 Ra4+ 59.Kf3 Ra7 60.Kg4 Rg7+ 61.Rg5 Rb7 62.h4 Kf7 63.Kf5 Rb1 64.Rh5 Kg8
65.Be5 Rb6 66.Rg5+ Kf8 67.Rg7 Rh6 68.Ra7 Kg8 69.Bf6 Rh5+ 70.Ke6 h6 71.Rg7+ Kf8
72.Rh7  1-0

[Event "MK Cafe Cup-B"]
[Site "Koszalin"]
[Date "1999.08.06"]
[Round "4"]
[White "Szulc, Michal"]
[Black "Ilczuk, Piotr"]
[Result "1-0"]
[WhiteElo "2124"]
[BlackElo "2323"]

1.c4 c6 2.Nf3 d5 3.b3 Bg4 4.Ne5 Bf5 5.d4 Nd7 6.Nxd7 Qxd7 7.e3 Nf6 8.Bd3 dxc4
9.Bxf5 Qxf5 10.bxc4 e5 11.O-O Bd6 12.Ba3 O-O-O 13.Bxd6 Rxd6 14.Nc3 exd4 15.exd4 Rhd8
16.d5 cxd5 17.Nb5 Ra6 18.cxd5 Kb8 19.Qb3 Rxd5 20.a4 Rc6 21.Qe3 b6 22.Nd4 Rxd4
23.Qxd4 Qd5 24.Qf4+ Qd6 25.Qg5 g6 26.Rfd1 Qc7 27.Rac1 Kb7 28.g3 h5 29.Qe3 Ng4
30.Qe4 f5 31.Qg2 Ne5 32.f4 Kb8 33.Rxc6 Nxc6 34.Rc1 Kb7 35.Qd5 a6 36.Kg2 h4
37.Rd1 hxg3 38.hxg3 Qe7 39.Qd7+ Qxd7 40.Rxd7+ Kc8 41.Rg7 b5 42.axb5 axb5
43.Rxg6 Kc7 44.Kf3 Kb6 45.Rf6 Kc5 46.Rxf5+ Kc4 47.Ke4 b4 48.Rf6 Nd4 49.Rf8  1-0

[Event "Mala mem op"]
[Site "Griesheim"]
[Date "1999.08.08"]
[Round "7"]
[White "Reschke, Stefan"]
[Black "Marchio, Enrico"]
[Result "1-0"]
[WhiteElo "2341"]
[BlackElo "2289"]

1.c4 c6 2.Nf3 d5 3.b3 Nf6 4.g3 Bg4 5.Bg2 Nbd7 6.O-O e5 7.d3 Bd6 8.Bb2 Qe7
9.h3 Bxf3 10.exf3 O-O 11.Re1 Bb4 12.Re2 dxc4 13.dxc4 Qd6 14.Nc3 Rfe8 15.a3 Qxd1+
16.Rxd1 Bc5 17.Na4 Bd4 18.Bxd4 exd4 19.Rxe8+ Rxe8 20.Rxd4 Re1+ 21.Kh2 g5
22.b4 Ra1 23.Rd3 Ne5 24.Rc3 b5 25.cxb5 cxb5 26.Rc5 Nfd7 27.Rxb5 Rxa3 28.Ra5 Nxf3+
29.Bxf3 Rxf3 30.Rxg5+ Kf8 31.Kg2 Rb3 32.Rb5 a5 33.Rxa5 Rxb4 34.Nc3 Kg7 35.Rf5 Rc4
36.Nd5 Ra4 37.g4 Ra3 38.Rg5+ Kf8 39.Rh5 Kg7 40.Ne3 Nf8 41.Nf5+ Kg8 42.Ne7+ Kg7
43.Rb5 Ng6 44.Nf5+ Kf6 45.Ne3 Nf8 46.Nd5+ Kg7 47.Nf4 Ng6 48.Nh5+ Kf8 49.Kh2 Rf3
50.Rf5 Ra3 51.Nf6 Kg7 52.Ne8+ Kf8 53.Nd6 Ra7 54.Kg3 Rd7 55.Ne4 Kg7 56.h4 h6
57.h5 Nf8 58.Ra5 Ne6 59.f3 Rd3 60.Kg2 Rb3 61.Ra4 Rb2+ 62.Kg3 Rb3 63.Rc4 Rd3
64.Nf2 Ra3 65.Ne4 Rd3 66.Rc3 Rd4 67.Rc2 Rd3 68.Rd2 Ra3 69.Rd5 Rb3 70.Nf2 Ra3
71.Nd3 Rb3 72.Ne5 Ng5 73.Rd3 Rb4 74.Nc6 Rb6 75.Nd4 Rb4 76.Nf5+ Kh7 77.Rd6 Ne6
78.Rd7 Ng5 79.f4 Rb3+ 80.Kg2 Rb2+ 81.Kf1 Nh3 82.Rxf7+ Kh8 83.Ne7 Ra2 84.f5 Rf2+
85.Ke1 Rg2 86.Ng6+ Kg8 87.Rf8+ Kh7 88.f6 Rg1+ 89.Ke2 Nf4+ 90.Kf2 Nh3+ 91.Kf3 Ng5+
92.Ke3 Rg3+ 93.Ke2 Rg2+ 94.Kf1  1-0

[Event "Mala mem op"]
[Site "Griesheim"]
[Date "1999.08.08"]
[Round "7"]
[White "Reschke, Thomas"]
[Black "Nagel, Bernhard"]
[Result "0-1"]
[WhiteElo "2200"]
[BlackElo "2216"]

1.c4 c6 2.Nf3 d5 3.b3 Nf6 4.g3 Bg4 5.Bg2 e6 6.O-O Nbd7 7.Bb2 Bd6 8.d4 O-O
9.Ne5 Bf5 10.f3 Qc7 11.Nxd7 Nxd7 12.e4 Bg6 13.Nc3 dxe4 14.Nxe4 Be7 15.Rc1 Nf6
16.Qe2 Rfd8 17.Kh1 Rd7 18.Bh3 Qa5 19.Bc3 Qd8 20.Rcd1 Qf8 21.Rd2 Rad8 22.Rfd1 Bh5
23.Nf2 Bb4 24.Bxb4 Qxb4 25.Nd3 Qc3 26.g4 Bg6 27.Nc5 Re7 28.Bg2 h6 29.f4 b6
30.Na4 Qb4 31.Bxc6 Qd6 32.Bg2 Qxf4 33.h3 Ne4 34.Bxe4 Bxe4+ 35.Kg1 Qg3+ 36.Kf1 Bf3
37.Qe3 Qxh3+ 38.Kf2 Qg2+  0-1

[Event "VISA Nordic GP fin"]
[Site "Gentofte"]
[Date "1999.08.10"]
[Round "4"]
[White "Hansen, Torbjorn R"]
[Black "Hector, Jonny"]
[Result "0-1"]
[WhiteElo "2259"]
[BlackElo "2505"]

1.c4 c6 2.g3 d5 3.Bg2 e5 4.cxd5 cxd5 5.d4 e4 6.Nc3 Nc6 7.f3 f5 8.Nh3 Be7
9.O-O Bf6 10.e3 Nge7 11.Nf4 b6 12.fxe4 dxe4 13.g4 Ba6 14.g5 Bxf1 15.gxf6 Bxg2
16.fxe7 Qxe7 17.Kxg2 O-O 18.Qh5 Rad8 19.Ncd5 Qb7 20.Nc3 Rd6 21.d5 Ne5 22.Ne6 Qe7
23.Nxf8 Qxf8 24.h3 Nf3 25.Nxe4 fxe4 26.Kh1 Rg6  0-1

[Event "MK Cafe Cup-B"]
[Site "Koszalin"]
[Date "1999.08.10"]
[Round "7"]
[White "Neverov, Valeriy"]
[Black "Kuczynski, Robert"]
[Result "1/2-1/2"]
[WhiteElo "2549"]
[BlackElo "2450"]

1.c4 c6 2.e4 d5 3.exd5 cxd5 4.d4 Nf6 5.Nc3 e6 6.Nf3 Be7 7.cxd5 Nxd5 8.Bd3 Nc6
9.O-O O-O 10.Re1 Bf6 11.Be4 Nce7 12.Qb3 Qb6 13.Qxb6 axb6 14.Bg5 Rd8 15.Bxf6 Nxf6
16.Bc2 Bd7 17.Ne5 Be8 18.Rad1 Nc6 19.Nxc6 Bxc6 20.f3 Rd7 21.Kf2 Nd5 22.Nxd5 Rxd5
23.Rd2 g6 24.a3 Rad8 25.Ke3 Kf8 26.Be4 R5d6 27.Rd3 h5 28.Rb3 f5 29.Bxc6 Rxc6
30.h4 Rc2 31.Re2  1/2-1/2

[Event "MK Cafe Cup-B"]
[Site "Koszalin"]
[Date "1999.08.11"]
[Round "8"]
[White "Chekhov, Valery A"]
[Black "Buturin, Vladimir"]
[Result "1-0"]
[WhiteElo "2499"]
[BlackElo "2388"]

1.c4 c6 2.e4 d5 3.exd5 cxd5 4.cxd5 Qxd5 5.Nc3 Qd6 6.d4 Nf6 7.Nf3 e6 8.Bc4 Be7
9.O-O O-O 10.Nb5 Qb6 11.Qe2 a6 12.Nc3 Qd8 13.Bg5 b5 14.Bb3 b4 15.Bxf6 Bxf6
16.Ne4 Bb7 17.Rfd1 Bxe4 18.Qxe4 Nd7 19.Rac1 Nb6 20.Rc6 Ra7 21.Ne5 g6 22.g3 a5
23.Qg4 Kg7 24.h4 a4 25.Bc2 Rc7 26.Bxg6 hxg6 27.Rxb6 Qd5 28.Rxb4 Bxe5 29.dxe5 Qxe5
30.Qd4 Qxd4 31.Rdxd4 Rc2 32.a3 e5 33.Rd7 e4 34.Rxe4 Rxb2 35.Rxa4 Rb6 36.Rf4 Kg8
37.a4 f5 38.Rc4 Ra6 39.Rdc7 Rfa8 40.Rc8+ Rxc8 41.Rxc8+ Kf7 42.Rc4 Ke6 43.Kf1 Kd5
44.Rf4 Ke5 45.Ke2 Rb6 46.Kd3  1-0

[Event "VISA Nordic GP fin"]
[Site "Gentofte"]
[Date "1999.08.15"]
[Round "8"]
[White "Hansen, Torbjorn R"]
[Black "Hillarp Persson, Tiger"]
[Result "0-1"]
[WhiteElo "2259"]
[BlackElo "2507"]

1.c4 c6 2.g3 d5 3.Bg2 Nf6 4.Nf3 dxc4 5.a4 Bf5 6.Na3 Qd5 7.Nh4 Be4 8.f3 Bg6
9.Nxg6 hxg6 10.Qc2 e6 11.Qxc4 Na6 12.Qxd5 Nxd5 13.d4 Bb4+ 14.Kf2 Be7 15.e4 Ndb4
16.Ke2 c5 17.Be3 cxd4 18.Bxd4 Bf6 19.Rad1 Bxd4 20.Rxd4 Rd8 21.Rxd8+ Kxd8
22.Nb5 Ke7 23.Nxa7 Nc5 24.Rc1 Nba6 25.h4 Ra8 26.Nb5 Nxa4 27.Rc2 Rd8 28.f4 N4c5
29.e5 b6 30.Nd6 f6 31.Rc4 Nd7 32.Nc8+ Kf8 33.Bh3 fxe5 34.fxe5 Nxe5 35.Rf4+ Ke8
36.Bxe6 Nc5 37.Bh3 b5 38.b4 Na4 39.Ke3 Nc4+ 40.Kf3 Nc3 41.Be6 Rd3+ 42.Kg2 Ne5
43.g4 Rd2+ 44.Kh3 Nd3 45.Rf7 Nf2+ 46.Kg3 Nfe4+ 47.Kh3 Ne2 48.g5 Ng1+ 49.Kg4 Rd4
50.Na7 Nc5+ 51.Rf4 Nxe6 52.Rxd4 Nxd4 53.h5 gxh5+ 54.Kxh5 Ngf3 55.Kg6 Kf8
56.Nc8 Ne5+ 57.Kh7 Ne6  0-1

[Event "VISA Nordic GP fin"]
[Site "Gentofte"]
[Date "1999.08.16"]
[Round "9"]
[White "Olafsson, Helgi"]
[Black "Gausel, Einar"]
[Result "1/2-1/2"]
[WhiteElo "2494"]
[BlackElo "2500"]

1.c4 c6 2.e4 d5 3.exd5 cxd5 4.d4 Nf6 5.Nc3 e6 6.c5 Be7 7.Nf3 O-O 8.Bd3 Nc6
9.a3 e5 10.dxe5 Ng4 11.Bf4 Bxc5 12.O-O f6 13.exf6 Nxf6 14.Rc1 Bg4 15.Be2 Bb6
16.Bg5 Be6 17.Na4 Kh8 18.b4 Bg8 19.Qd2 Ne4 20.Bxd8 Nxd2 21.Bxb6 Nxf3+ 22.Bxf3 axb6
23.Nxb6 Rxa3 24.Bxd5 Nxb4 25.Bxb7 Nd3 26.Rc8 Rxc8 27.Nxc8 g5 28.Nd6 Ra2 29.Be4 Nf4
30.g3 Nh3+ 31.Kg2 g4 32.Bb7 h5 33.Ne4 Rb2 34.Bc6 Rc2 35.Bb7 Rb2 36.Bc6 Rc2
37.Bb7 Bc4 38.Re1 Bd3 39.Bd5 Rb2 40.Nc5 Be2 41.Ne6 Bd3 42.Kh1 Nxf2+ 43.Kg1 Nh3+
44.Kh1  1/2-1/2

[Event "FRA-ch qual"]
[Site "Bescanon"]
[Date "1999.08.18"]
[Round "1"]
[White "Claverie, Christophe"]
[Black "Kovarcik, Guillaume"]
[Result "1/2-1/2"]
[WhiteElo "2306"]
[BlackElo "2162"]

1.c4 c6 2.d4 d5 3.Nc3 dxc4 4.a4 Nf6 5.e3 Bf5 6.Bxc4 e6 7.Nf3 Bb4 8.O-O O-O
9.Qe2 Bg6 10.Ne5 Nbd7 11.Rd1 Nxe5 12.dxe5 Nd7 13.f4 Qe7 14.Na2 Nb6 15.b3 Nxc4
16.Qxc4 Rfd8 17.Bb2 Bc5 18.Bd4 Bxd4 19.exd4 a5 20.Nc3 h6 21.Qc5 Qh4 22.g3 Qg4
23.Qc4 Qf3 24.Rac1 Qe3+ 25.Kf1 Bh5 26.Qd3 Qxd3+ 27.Rxd3 Bg6 28.Rd2 Ra6 29.Na2  1/2-1/2

[Event "Budapest FS08 IM"]
[Site "Budapest"]
[Date "1999.08.19"]
[Round "13"]
[White "Williams, Paul"]
[Black "Serrer, Christoph"]
[Result "1/2-1/2"]
[WhiteElo "2270"]
[BlackElo "2257"]

1.c4 c6 2.d4 d5 3.cxd5 cxd5 4.Bf4 Nc6 5.e3 Nf6 6.Bd3 Bg4 7.Ne2 a6 8.Nbc3 e6
9.f3 Bh5 10.Rc1 Be7 11.O-O O-O 12.g4 Bg6 13.Bg3 Bxd3 14.Qxd3 Rc8 15.Kg2 Bd6
16.Bxd6 Qxd6 17.Ng3 Rc7 18.h3 Rfc8 19.Rcd1 Qb4 20.Rf2 Na5 21.Rdf1 Nc4 22.Nd1 Nb6
23.f4 Qc4 24.Qb1 Qc1 25.Qd3 Qc4 26.Qb1 Qc1  1/2-1/2

[Event "Polanica Zdroj op"]
[Site "Polanica Zdroj"]
[Date "1999.08.19"]
[Round "3"]
[White "Malaniuk, Vladimir P"]
[Black "Ulak, Slawomir"]
[Result "1-0"]
[WhiteElo "2525"]
[BlackElo "2303"]

1.c4 c6 2.Nf3 d5 3.e3 Nf6 4.b3 Bg4 5.Bb2 e6 6.h3 Bh5 7.Be2 Nbd7 8.d3 Bxf3
9.Bxf3 Bd6 10.O-O O-O 11.g3 Qe7 12.Bg2 Rfe8 13.a3 a5 14.Nc3 Rab8 15.cxd5 exd5
16.Qc2 Nc5 17.Rfe1 Rbd8 18.Ne2 Nfd7 19.Nd4 g6 20.f4 f6 21.e4 dxe4 22.dxe4 Bc7
23.Kh2 Nf8 24.b4 axb4 25.Qc4+ Kg7 26.axb4 Nce6 27.Nf3 Rd7 28.f5  1-0

[Event "FRA-ch G2"]
[Site "Bescanon"]
[Date "1999.08.20"]
[Round "5"]
[White "Bauer, Christian"]
[Black "Boudre, Jean Pierre"]
[Result "1-0"]
[WhiteElo "2480"]
[BlackElo "2397"]

1.c4 c6 2.e4 d5 3.exd5 cxd5 4.d4 Nf6 5.Nc3 e6 6.Nf3 Be7 7.cxd5 Nxd5 8.Bd3 O-O
9.O-O Nc6 10.Re1 Re8 11.a3 Bd7 12.Bd2 Nxc3 13.bxc3 Bf6 14.Qb1 g6 15.Bf4 b6
16.Qb2 Na5 17.Ne5 Bxe5 18.Bxe5 Bc6 19.c4 f6 20.Bg3 Rc8 21.Bf1 Bb7 22.Rac1 Ba6
23.c5 Bxf1 24.Rxf1 Qd5 25.cxb6 axb6 26.Qxb6 Nc4 27.Qb4 Rc6 28.Rfd1 Rec8 29.Rb1 Qd7
30.h3 Nb6 31.Kh2 h5 32.Qb5 g5 33.h4 Nd5 34.hxg5 fxg5 35.Qb7 Qxb7 36.Rxb7 Rc2
37.Re1 h4 38.Be5 Rxf2 39.Rg7+ Kf8 40.Rxg5 Rcc2 41.Re4 Rf5 42.Rg6 h3 43.Kxh3 Rc3+
44.g3 Ke7 45.Rh4 Rf7 46.Rhh6 Rc6 47.Rh8 Rc1 48.Rb8 Rh7+ 49.Kg4  1-0

[Event "VISA Nordic GP fin"]
[Site "Gentofte"]
[Date "1999.08.20"]
[Round "13"]
[White "Agdestein, Simen"]
[Black "Gretarsson, Helgi Ass"]
[Result "1-0"]
[WhiteElo "2580"]
[BlackElo "2521"]

1.c4 c6 2.e4 d5 3.exd5 cxd5 4.d4 Nf6 5.Nc3 Nc6 6.Bg5 Be6 7.Bxf6 gxf6 8.c5 Bc8
9.Bb5 e5 10.Nge2 Be6 11.O-O Qd7 12.b4 Bg7 13.f4 Rg8 14.Ng3 Bg4 15.Qd3 e4
16.Qe3 O-O-O 17.Bxc6 Qxc6 18.h3 Be6 19.f5 Bd7 20.b5 Qc7 21.Nxd5 Bh6 22.Qxh6 Qxg3
23.Ne7+  1-0

[Event "Zurich Hilton op"]
[Site "Zurich"]
[Date "1999.08.20"]
[Round "7"]
[White "Moloney, Nicholas"]
[Black "Papa, Severin"]
[Result "1-0"]
[WhiteElo "2128"]
[BlackElo "2132"]

1.c4 c6 2.Nf3 d5 3.b3 Bg4 4.Bb2 Nd7 5.g3 Bxf3 6.exf3 Ngf6 7.Bg2 e6 8.O-O Bd6
9.cxd5 cxd5 10.Nc3 O-O 11.f4 g6 12.Nb5 Be7 13.Nd4 Rc8 14.Qe2 Qb6 15.Rac1 Bc5
16.Nf3 Ne4 17.d3 Nef6 18.Bh3 a5 19.Rc2 Be7 20.Rfc1 Rxc2 21.Rxc2 a4 22.Bd4 Qa6
23.bxa4 Qxa4 24.Rc7 b6 25.Qb2 Ne8 26.Rc8 Nd6 27.Rxf8+ Bxf8 28.Qe2 Nc5 29.Qe5 Qd1+
30.Kg2  1-0

[Event "ESP-ch"]
[Site "Palencia"]
[Date "1999.08.21"]
[Round "3"]
[White "Timon Piote, Silvia"]
[Black "Santos Izquierdo, Francisco"]
[Result "0-1"]
[WhiteElo "2155"]
[BlackElo "2305"]

1.c4 c6 2.Nf3 d5 3.d4 e6 4.Nbd2 f5 5.Ne5 Nf6 6.e3 Bd6 7.Ndf3 O-O 8.Be2 Ne4
9.O-O Rf6 10.Ne1 Rh6 11.f3 Qh4 12.fxe4 Qxh2+ 13.Kf2 fxe4 14.Bf3 Nd7 15.Ng4 Qg3+
16.Ke2 exf3+ 17.gxf3 Rh3 18.Rf2 Rh1 19.Qd3 Nf8 20.b3 Bd7 21.Bb2 Be8 22.Ng2 Rh3
23.Rg1 h5 24.Ne5 Bxe5 25.dxe5 Bg6 26.Qd1 Rh2 27.Qf1 dxc4 28.bxc4 Rd8 29.Bd4 Bd3+
30.Kxd3 c5 31.Rb2 cxd4 32.Nf4 dxe3+ 33.Kxe3 Qh4 34.Rxb7 g5 35.Rg2 Qxf4+ 36.Kf2 Qd4+  0-1

[Event "Polanica Zdroj op"]
[Site "Polanica Zdroj"]
[Date "1999.08.25"]
[Round "9"]
[White "Walach, Marcin"]
[Black "Buturin, Vladimir"]
[Result "1/2-1/2"]
[WhiteElo "2274"]
[BlackElo "2388"]

1.c4 c6 2.Nc3 d5 3.cxd5 cxd5 4.d4 Nf6 5.Nf3 Nc6 6.Bf4 a6 7.e3 Bg4 8.Be2 e6
9.O-O Be7 10.h3 Bh5 11.Na4 Nd7 12.Rc1 O-O 13.Qb3 Na5 14.Qc3 Nc4 15.b3 Nd6
16.Qb4 Nb5 17.Qd2 Ba3 18.Rb1 Bg6 19.Bd3 Bxd3 20.Qxd3 Qe7 21.e4 dxe4 22.Qxe4 Nf6
23.Qd3 Nd5 24.Bc1 Bd6 25.Ng5 Nf6 26.Nb6 Rad8 27.Bb2 h6 28.Nf3 Ba3 29.Bxa3 Qxa3
30.Nc4 Qb4 31.Rbc1 Nc7 32.Nce5 Ncd5 33.Rc5 Nd7 34.Nxd7 Rxd7 35.Rfc1 Rdd8
36.Qc4 Qb6 37.a3 Qd6 38.b4 Qf4 39.a4 g6 40.a5 Kg7 41.b5 b6 42.axb6 Nxb6 43.Qe2 axb5
44.Qxb5 Nd5 45.Qe2 Qf6 46.Qe5  1/2-1/2

[Event "USA-ch G2"]
[Site "Salt Lake City"]
[Date "1999.08.26"]
[Round "4"]
[White "Dzindzichashvili, Roman"]
[Black "Finegold, Benjamin"]
[Result "1/2-1/2"]
[WhiteElo "2544"]
[BlackElo "2500"]

1.c4 c6 2.Nf3 d5 3.d4 Nf6 4.e3 g6 5.Be2 Bg7 6.O-O O-O 7.b3 e6 8.Ba3 Re8 9.Nbd2 Nbd7
10.Qc2 e5 11.dxe5 Nxe5 12.Nxe5 Rxe5 13.Bb2 Bf5 14.Qc3 Re8 15.Nf3 Nh5 16.Qc1 Nf4
17.exf4 Rxe2 18.Bxg7 Kxg7 19.Nd4 Re4 20.Nxf5+ gxf5 21.cxd5 cxd5 22.Rd1 Qd6
23.g3 Rae8 24.Qc3+ d4 25.Qa5 Kg6 26.Qxa7 d3 27.Qxb7 d2 28.Kg2 Qd3 29.h4 Re1
30.Qc6+ R8e6 31.Qc4 Qd7 32.h5+ Kh6 33.Qc5 Qb7+ 34.f3 R1e2+ 35.Kh3 Qxf3 36.Qf8+ Kxh5
37.Qxf7+ Kh6 38.Qf8+ Kg6 39.Qg8+ Kf6  1/2-1/2

[Event "FRA-ch qual"]
[Site "Bescanon"]
[Date "1999.08.27"]
[Round "10"]
[White "Chabanon, Jean Luc"]
[Black "Fontaine, Robert"]
[Result "1-0"]
[WhiteElo "2456"]
[BlackElo "2408"]

1.c4 c6 2.g3 e5 3.d4 Bb4+ 4.Bd2 Bxd2+ 5.Qxd2 d6 6.Nc3 Nf6 7.Bg2 O-O 8.e3 Be6
9.b3 exd4 10.Qxd4 d5 11.cxd5 Bxd5 12.f3 Na6 13.Nge2 c5 14.Qh4 Bc6 15.O-O Qc7
16.e4 Nb4 17.Qf4 Qxf4 18.gxf4 Rad8 19.Rfd1 Nd3 20.Bf1 g6 21.a3 Nh5 22.Nd5 Bxd5
23.Rxd3 Be6 24.Rc3 b6 25.b4 c4 26.b5 f5 27.exf5 Rxf5 28.Bh3 Rf6 29.Bxe6+ Rxe6
30.Ra2 Rd1+ 31.Kf2 Rh1 32.Kg2 Re1 33.Kf2 Rh1 34.Kg2 Rb1 35.Rxc4 Re1 36.Ng3 Nxg3
37.hxg3 Rb1 38.a4 Re7 39.Rd2 Kf7 40.Re4 Rc7 41.g4 Ra1 42.Kf2 h5 43.Red4 Re7
44.Kg3 Rh1 45.Rd7 h4+ 46.Kg2 Ra1 47.Rxe7+ Kxe7 48.Rd4 Ke6 49.Kh2 Rf1 50.Rd3 Rc1
51.Kh3 Rh1+ 52.Kg2 Rc1 53.Re3+ Kf6 54.Re5 Rc4 55.g5+ Kf7 56.Re4 Rc3 57.Kh3 Rxf3+
58.Kxh4 Rc3 59.Kg4 Rc1 60.Kf3 Rc3+ 61.Kg4 Rc1 62.Rd4 Ke6 63.Rd8 Rc4 64.Rf8 Rxa4
65.Rf6+ Ke7 66.Rxg6 Kf7 67.Rc6 Rb4 68.Rc7+ Kg6 69.Rxa7 Rxb5 70.Rb7  1-0